Movies Quiz

Random Movies or Box Office Quiz

Highest Grossing R Rated Movies by Picture Quiz Stats

 Plays Quiz Updated Jan 5, 2018

Score 0/25 Timer 05:00
0 Plays Today
% Correct
The Hangover (2009) $277,322,503
95.2%
It (2017) $327,481,748
94.9%
Gladiator (2000) $187,705,427
94.4%
Ted (2012) $218,815,487
94.2%
300 (2007) $210,614,939
91.5%
Wedding Crashers (2005) $209,255,921
91.3%
The Hangover Part II (2011) $254,464,305
91%
The Passion of the Christ (2004) $370,782,930
88.9%
Terminator 2: Judgment Day (1991) $204,843,345
88.5%
Pretty Woman (1990) $178,406,268
87.4%
American Sniper (2014) $350,126,372
83.3%
The Exorcist (1973) $232,906,145
81.2%
Deadpool (2016) $363,070,709
80.4%
% Correct
Saving Private Ryan (1998) $216,540,909
80.3%
22 Jump Street (2014) $191,719,337
79.8%
Rain Man (1988) $172,825,435
79.4%
There's Something About Mary (1998) $176,484,651
78.4%
The Revenant (2015) $183,637,894
78.2%
Beverly Hills Cop (1984) $234,760,478
77.9%
The Matrix Reloaded (2003) $281,576,461
77.4%
Air Force One (1997) $172,956,409
71.7%
A Star is Born (2018) $201,046,727
69.4%
Logan (2017), $226,277,068
64.7%
Get Out (2017), $175,484,140
63.9%
Deadpool 2 (2018) $324,505,097
57.5%

You're not logged in!

Compare scores with friends on all Sporcle quizzes.
OR
Log In

You Might Also Like...

Show Comments

Extras

Top Quizzes Today


Score Distribution

Your Account Isn't Verified!

In order to create a playlist on Sporcle, you need to verify the email address you used during registration. Go to your Sporcle Settings to finish the process.

Report this User

Report this user for behavior that violates our Community Guidelines.

Details: